Quốc âm thi tập
保存先:
| 第一著者: | |
|---|---|
| フォーマット: | 図書 |
| 言語: | Vietnamese |
| 出版事項: |
Huế
Nxb. Thuận Hoá
2000
|
| 主題: | |
| タグ: |
タグ追加
タグなし, このレコードへの初めてのタグを付けませんか!
|
| Thư viện lưu trữ: | Mạng thư viện Đại học Đà Nẵng |
|---|
| LEADER | 01103nam a22003498a 4500 | ||
|---|---|---|---|
| 001 | 000014478 | ||
| 003 | 10843 | ||
| 005 | 20120503090552.0 | ||
| 008 | 120503s2000 b 000 0 od | ||
| 020 | |c 35000đ |d 1000b | ||
| 041 | 0 | |a 00010 | |
| 041 | 0 | |a vie | |
| 080 | |a V11 | ||
| 082 | |a 895.92211 |b NG-T | ||
| 084 | |a V6(1)1-5 |b QU451Â | ||
| 100 | 1 | |a Nguyễn Trãi | |
| 245 | 1 | 0 | |a Quốc âm thi tập |c Nguyễn Trãi ; Nguyễn Thạch Giang phiên khảo và chú giải |
| 260 | |a Huế |b Nxb. Thuận Hoá |c 2000 | ||
| 300 | |a 374tr : ảnh |c 21cm | ||
| 653 | |a Văn học trung đại | ||
| 653 | |a Việt Nam | ||
| 653 | |a Thơ | ||
| OWN | |a LSP | ||
| AVA | |a UDN50 |b LSP |d 895.92211 NG-T |e available |t Error 5001 Not defined in file expand_doc_bib_avail. |f 2 |g 0 |h N |i 0 |k 1 | ||
| 999 | |a From the UDN01 | ||
| AVA | |a UDN50 |b LSP |d 895.92211 NG-T |e available |t Error 5001 Not defined in file expand_doc_bib_avail. |f 2 |g 0 |h N |i 0 |k 1 | ||
| TYP | |a Monograph | ||
| TYP | |a Printed language | ||
| 980 | |a Mạng thư viện Đại học Đà Nẵng | ||